Závody budúcnosti - čo nás očakáva?

Otázky projektovania budúcich závodov. Rozvoj závodov v predvojnovom období a po II. svetovej vojne. Počítače - hnacia sila vývoja. Rozvoj automatizácie. Ľudia vo výrobe. Japonský prístup k výrobe. Automatizovaný závod. Podnikové modely. Najnovšie inovatívne koncepty v oblasti výroby vo svete.

Salvato in:
Dettagli Bibliografici
Autore principale: Gregor, Milan
Altri autori: Blaško, Štefan
Natura: Capitolo di libro
Lingua:slovacco
Soggetti:
Tags: Aggiungi Tag
Nessun Tag, puoi essere il primo ad aggiungerne!!

MARC

LEADER 00000naa a2200000 4500
001 r048735
005 20231002121857.7
041 0 |a slo 
044 |a SK 
245 1 0 |a Závody budúcnosti - čo nás očakáva?  |c Milan Gregor, Štefan Blaško 
520 |a Otázky projektovania budúcich závodov. Rozvoj závodov v predvojnovom období a po II. svetovej vojne. Počítače - hnacia sila vývoja. Rozvoj automatizácie. Ľudia vo výrobe. Japonský prístup k výrobe. Automatizovaný závod. Podnikové modely. Najnovšie inovatívne koncepty v oblasti výroby vo svete. 
610 2 0 |a rozvoj technický výroby 
610 2 0 |a závody 
610 2 0 |a projektovanie 
610 2 0 |a automatizácia 
610 2 0 |a informatizácia 
610 2 0 |a príprava výroby technická 
610 2 0 |a systémy výrobné 
610 2 0 |a technológie nové 
610 2 0 |a kanban 
610 2 0 |a JIT 
100 1 |a Gregor, Milan 
700 1 |a Blaško, Štefan